Políticas sociales y estrategias habitacionales

Saved in:
Bibliographic Details
Main Authors: Grillo, Oscar (Author), Lacarrieu, Mónica B (Author), Raggio, Liliana (Author)
Format: Book
Language:Spanish
Published: Buenos Aires Espacio 1995
Series:Colección Ciencias Sociales
Subjects:
Tags: Add Tag
No Tags, Be the first to tag this record!

MARC

LEADER 00000nam a2200000 a 4500
001 UCM0793
003 CL-VaPUC
008 020315e19950000AG |||||||||||||||||spa|d
082 0 4 |a 363.5  |b GRI  |2 21 
100 0 |a Grillo, Oscar  |e author  |9 467776 
700 0 |a Lacarrieu, Mónica B  |e author  |9 467777 
700 0 |a Raggio, Liliana  |e author  |9 467778 
245 1 0 |a Políticas sociales y estrategias habitacionales 
300 |a 119 p 
942 |c BK 
945 |d 20020315 00:00:00  |a vberengu 
260 |a Buenos Aires  |b Espacio  |c 1995 
650 0 |a Vivienda  |9 258662 
650 0 |a Política gubernamental  |9 262286 
650 0 |a Problemas sociales  |9 258537 
650 0 |a Espacios urbanos  |9 262902 
651 7 |a BUENOS AIRES  |2 CL-VaPUC  |9 255286 
583 |a last modification  |c 20020315 00:00:00  |k Rodrigo Vera 
490 0 |a Colección Ciencias Sociales 
999 |c 299613  |d 299611 
952 |0 0  |1 0  |4 0  |6 363_500000000000000_GRI_1995  |7 0  |8 A  |9 356347  |a BIBGIM  |b BIBGIM  |d 2019-11-21  |i 3797112  |l 1  |o 363.5 GRI 1995  |p 3797112  |r 2025-01-15  |s 2024-10-16  |w 2019-11-21  |y BK  |k GIM